000
00328nam a2200133Ia 4500
008
221030s9999 xx 000 0 und d
041
_a
English
100
_a
R. P. Singh
245
0
_a
Communication Systems Anlog and Digital
_c
by R. P. Singh, S. D. Sapre
260
_c
0
650
_a
B
700
_a
S. D. Sapre
942
_c
BK
999
_c
14229
_d
14229